<?xml version="1.0" encoding="UTF-8"?><?xml-stylesheet type="text/xsl" href="static/style.xsl"?><OAI-PMH xmlns="http://www.openarchives.org/OAI/2.0/" xmlns:xsi="http://www.w3.org/2001/XMLSchema-instance" xsi:schemaLocation="http://www.openarchives.org/OAI/2.0/ http://www.openarchives.org/OAI/2.0/OAI-PMH.xsd"><responseDate>2026-04-13T00:52:21Z</responseDate><request verb="GetRecord" identifier="oai:www.recercat.cat:2445/115984" metadataPrefix="marc">https://recercat.cat/oai/request</request><GetRecord><record><header><identifier>oai:recercat.cat:2445/115984</identifier><datestamp>2025-11-20T11:15:19Z</datestamp><setSpec>com_2072_1057</setSpec><setSpec>col_2072_478787</setSpec><setSpec>col_2072_478917</setSpec></header><metadata><record xmlns="http://www.loc.gov/MARC21/slim" xmlns:dcterms="http://purl.org/dc/terms/" xmlns:xsi="http://www.w3.org/2001/XMLSchema-instance" xmlns:doc="http://www.lyncode.com/xoai" xsi:schemaLocation="http://www.loc.gov/MARC21/slim http://www.loc.gov/standards/marcxml/schema/MARC21slim.xsd">
   <leader>00925njm 22002777a 4500</leader>
   <datafield ind2=" " ind1=" " tag="042">
      <subfield code="a">dc</subfield>
   </datafield>
   <datafield ind2=" " ind1=" " tag="720">
      <subfield code="a">Lamm, Eleonora</subfield>
      <subfield code="e">author</subfield>
   </datafield>
   <datafield ind2=" " ind1=" " tag="260">
      <subfield code="c">2017-09-28T13:57:53Z</subfield>
   </datafield>
   <datafield ind2=" " ind1=" " tag="260">
      <subfield code="c">2017-09-28T13:57:53Z</subfield>
   </datafield>
   <datafield ind2=" " ind1=" " tag="260">
      <subfield code="c">2013</subfield>
   </datafield>
   <datafield ind2=" " ind1=" " tag="520">
      <subfield code="a">La gestación por sustitución es una forma alternativa de acceder a la paternidad o maternidad, en el marco de las técnicas de reproducción humana asistida. Se trata de una práctica cada vez más frecuente, pues se estima que en la actualidad nacen unos veinte mil niños cada año como consecuencia de un acuerdo de este tipo.&#xd;
Esta obra expone la realidad de esta práctica, la gran cantidad de jurisprudencia nacional e internacional existente, las distintas opciones legales que recoge el derecho comparado y los conflictos que pueden suscitarse debido a la falta de regulación. Al mismo tiempo, propone una legislación que permita y regule explícitamente dicha práctica, que concilie los derechos en juego y sea acorde al interés superior del niño nacido bajo esas circunstancias.&#xd;
El libro analiza en profundidad la gestación por sustitución, sus orígenes, modalidades y tendencias, haciendo especial hincapié en los distintos tipos de familia que genera y en los importantes cambios que comporta en materia de filiación.</subfield>
   </datafield>
   <datafield tag="653" ind2=" " ind1=" ">
      <subfield code="a">Gestació subrogada</subfield>
   </datafield>
   <datafield tag="653" ind2=" " ind1=" ">
      <subfield code="a">Paternitat (Dret)</subfield>
   </datafield>
   <datafield tag="653" ind2=" " ind1=" ">
      <subfield code="a">Bioètica</subfield>
   </datafield>
   <datafield tag="653" ind2=" " ind1=" ">
      <subfield code="a">Surrogate motherhood</subfield>
   </datafield>
   <datafield tag="653" ind2=" " ind1=" ">
      <subfield code="a">Paternity</subfield>
   </datafield>
   <datafield tag="653" ind2=" " ind1=" ">
      <subfield code="a">Bioethics</subfield>
   </datafield>
   <datafield ind2="0" ind1="0" tag="245">
      <subfield code="a">Gestación por sustitución: ni maternidad subrogada ni alquiler de vientres</subfield>
   </datafield>
</record></metadata></record></GetRecord></OAI-PMH>